| 000 | 00405nam a2200157Ia 4500 | ||
|---|---|---|---|
| 008 | 230718s9999 xx 000 0 und d | ||
| 041 | _aeng | ||
| 082 |
_a629.83 _bGOY |
||
| 100 | _aGoyal S.C. | ||
| 245 | _aFeedback Control Systems | ||
| 260 |
_c1996 _bTechnical Publication |
||
| 300 | _a552 | ||
| 365 |
_cRs. _b210.00 |
||
| 700 | _aGoyal S.C. & Bakshi U.A. | ||
| 906 |
_dB:111509-Sep-1996 _cETC _b31.5 |
||
| 999 |
_c295610 _d295610 |
||